000
00223nam a2200097Ia 4500
008
120527s9999 xx 000 0 und d
100
_a
GILSTER,Paul.
245
_a
Finding it on the internet.
260
_b
Wiley
942
_c
BK
999
_c
23943
_d
23943